the effects of hyper-Inflation on accounting ratios: financing corporate growth in industrial economies (Record no. 41342)
[ view plain ]
| 000 -LEADER | |
|---|---|
| fixed length control field | 00837nam a2200193 a 4500 |
| 008 - FIXED-LENGTH DATA ELEMENTS--GENERAL INFORMATION | |
| fixed length control field | 080415s1997 ||||||||||||||||| || u |
| 050 ## - LIBRARY OF CONGRESS CALL NUMBER | |
| Classification number | IBRD-IFC(08)TP/3 |
| 100 ## - MAIN ENTRY--PERSONAL NAME | |
| Personal name | Singh, Ajit |
| 245 14 - TITLE STATEMENT | |
| Title | the effects of hyper-Inflation on accounting ratios: financing corporate growth in industrial economies |
| 246 ## - VARYING FORM OF TITLE | |
| Title proper/short title | an introduction to the debate |
| 260 ## - PUBLICATION, DISTRIBUTION, ETC. | |
| Place of publication, distribution, etc. | Washington, D.C. |
| Name of publisher, distributor, etc. | World Bank |
| Date of publication, distribution, etc. | 1997 |
| 350 ## - PRICE (NR) (BK AM CF MU VM SE) [OBSOLETE] | |
| Price | 0.00 |
| 490 ## - SERIES STATEMENT | |
| Series statement | International Finance Corporation Discussion Papers |
| 650 #0 - SUBJECT ADDED ENTRY--TOPICAL TERM | |
| Topical term or geographic name entry element | ACCOUNTING--HANDBOOKS, MANUALS, ETC |
| 650 ## - SUBJECT ADDED ENTRY--TOPICAL TERM | |
| Topical term or geographic name entry element | ACCOUNTING--EFFECT OF INFLATION ON--DEVELOPING COUNTRIES |
| 700 ## - ADDED ENTRY--PERSONAL NAME | |
| Personal name | Saporta, Victoria |
| 700 ## - ADDED ENTRY--PERSONAL NAME | |
| Personal name | Whittington, Geoffrey |
| 995 ## - RECOMMENDATION 995 [LOCAL, UNIMARC FRANCE] | |
| -- | 0.00 |
| -- | CBU-MAIN LIBRARY (Kitwe) |
| -- | 1 |
| -- | 0.00 |
| -- | 1 |
| -- | AVAILABLE |
| -- | Apr 15, 2008 |
| -- | International Publications |
| Withdrawn status | Lost status | Source of classification or shelving scheme | Damaged status | Not for loan | Home library | Current library | Shelving location | Date acquired | Total Checkouts | Full call number | Barcode | Date last seen | Price effective from | Koha item type |
|---|---|---|---|---|---|---|---|---|---|---|---|---|---|---|
| CBU-MAIN LIBRARY, KITWE. | CBU-MAIN LIBRARY, KITWE. | 11/30/2022 | IBRD-IFC(08)TP/3 | 56211 | 11/30/2022 | 11/30/2022 | MONOGRAPH |